[Event "Kvalifikacije za Sampionat 2015"]
[Site "Kragujevac"]
[Date "2015.03.10"]
[Round "3.1"]
[White "Antic, Dejan"]
[Black "Kovacevic, Aleksandar"]
[Result "1/2-1/2"]
[WhiteElo "2457"]
[BlackElo "2517"]
[PlyCount "93"]
[EventDate "2015.??.??"]

1. d4 Nf6 2. c4 e6 3. Nf3 b6 4. g3 Ba6 5. b3 Bb4+ 6. Bd2 Be7 7. Nc3 d5 8. cxd5
exd5 9. Bg2 O-O 10. O-O Re8 11. Ne5 Bb7 12. Rc1 Nbd7 13. Nb5 c5 14. Bf4 Nh5 15.
dxc5 Nxc5 16. Be3 Bf8 17. Bxc5 bxc5 18. Nd3 Qa5 19. a4 Qb6 20. e3 Nf6 21. Nf4
Rad8 22. b4 cxb4 23. Qb3 Bc5 24. Nd3 Bf8 25. Nf4 Rd7 26. Rfd1 a6 27. Nd4 Red8
28. Rc2 Ne4 29. Bxe4 dxe4 30. Rdc1 a5 31. h4 Be7 32. Qb2 Bf6 33. Nfe2 h5 34.
Rc5 Rd5 35. R5c4 Be5 36. Qc2 Qg6 37. Rc5 Rxc5 38. Qxc5 Bxd4 39. Nxd4 Rc8 40.
Qxc8+ Bxc8 41. Rxc8+ Kh7 42. Rc5 Qg4 43. Rxa5 b3 44. Rb5 Qd1+ 45. Kg2 b2 46.
Rxb2 Qxa4 47. Rb5 1/2-1/2

[Event "Kvalifikacije za Sampionat 2015"]
[Site "Kragujevac"]
[Date "2015.03.10"]
[Round "3.2"]
[White "Markovic, Miroslav"]
[Black "Rabrenovic, Vladan"]
[Result "1-0"]
[WhiteElo "2481"]
[BlackElo "2373"]
[PlyCount "107"]
[EventDate "2015.??.??"]

1. e4 d5 2. exd5 Qxd5 3. Nc3 Qd8 4. g3 Nf6 5. Bg2 c6 6. d3 e5 7. Nf3 Bd6 8. O-O
O-O 9. Re1 Nbd7 10. a3 Re8 11. b4 a6 12. Rb1 h6 13. Bd2 Nb6 14. Qc1 Kh7 15. Nh4
Bf8 16. a4 Nbd5 17. Nxd5 Nxd5 18. Re4 g5 19. Nf3 f6 20. h4 Bf5 21. Re1 Nc7 22.
Qd1 Bg7 23. hxg5 hxg5 24. Nh2 Qd7 25. Be4 Bxe4 26. dxe4 Qh3 27. Qg4 Qxg4 28.
Nxg4 Kg6 29. Be3 f5 30. Bb6 Ne6 31. exf5+ Kxf5 32. Ne3+ Kg6 33. Nc4 Nd4 34.
Bxd4 exd4 35. Nd6 Rxe1+ 36. Rxe1 b5 37. Re6+ Kh7 38. axb5 cxb5 39. Ne4 Bh6 40.
Rc6 a5 41. bxa5 Rxa5 42. Kg2 Ra4 43. Rc5 Kg6 44. Rxb5 Rc4 45. Rb6+ Kh7 46. Rb2
g4 47. Ra2 Bg7 48. Kf1 Rc8 49. Ke2 Re8 50. Kd3 Rf8 51. Ra5 Rf3+ 52. Ke2 Kh6 53.
Rg5 Rc3 54. Rxg7 1-0

[Event "Kvalifikacije za Sampionat 2015"]
[Site "Kragujevac"]
[Date "2015.03.10"]
[Round "3.3"]
[White "Zlatanovic, Boroljub"]
[Black "Zajic, Milan"]
[Result "0-1"]
[WhiteElo "2382"]
[BlackElo "2475"]
[PlyCount "72"]
[EventDate "2015.??.??"]

1. c4 e5 2. Nc3 Nc6 3. g3 Bc5 4. Bg2 d6 5. e3 a6 6. Nge2 Ba7 7. b3 Bf5 8. d3
Qd7 9. Nd5 h5 10. h3 Rb8 11. Bb2 Nge7 12. Nxe7 Nxe7 13. d4 f6 14. f4 O-O 15. e4
Be6 16. f5 Bf7 17. dxe5 fxe5 18. Bxe5 Nc6 19. Bc3 Qe7 20. Qd2 b5 21. Rf1 Ne5
22. cxb5 axb5 23. Nd4 b4 24. Bb2 Bxd4 25. Bxd4 c5 26. Bxe5 Qxe5 27. Kf2 Ra8 28.
Rac1 c4 29. Rc2 cxb3 30. axb3 Rfc8 31. Rd1 Rc3 32. Rxc3 bxc3 33. Qf4 Qc5+ 34.
Kf3 Ra2 35. Rf1 Bxb3 36. Bh1 Bd1+ 0-1

[Event "Kvalifikacije za Sampionat 2015"]
[Site "Kragujevac"]
[Date "2015.03.10"]
[Round "3.4"]
[White "Milanovic, Danilo"]
[Black "Misailovic, Nebojsa"]
[Result "1-0"]
[WhiteElo "2471"]
[BlackElo "2323"]
[PlyCount "67"]
[EventDate "2015.??.??"]

1. d4 Nf6 2. c4 g6 3. Nc3 d5 4. Bf4 Bg7 5. e3 O-O 6. Rc1 Nc6 7. h3 dxc4 8. Bxc4
Ne8 9. Nf3 Nd6 10. Be2 a6 11. O-O Bf5 12. Qb3 Na5 13. Qa4 Nc6 14. b4 Ne4 15.
Rfd1 Nxc3 16. Rxc3 Qe8 17. Qb3 Rc8 18. Rc5 Bd7 19. Rdc1 Nd8 20. Rxc7 Ba4 21.
Qb2 Ra8 22. R7c3 Bb5 23. a3 Bxe2 24. Qxe2 Nc6 25. Rc5 Nd8 26. Be5 Qa4 27. Bxg7
Kxg7 28. Qb2 b5 29. d5+ Kg8 30. Rc7 Re8 31. Ne5 a5 32. d6 axb4 33. Rxe7 Ne6 34.
Nxf7 1-0

[Event "Kvalifikacije za Sampionat 2015"]
[Site "Kragujevac"]
[Date "2015.03.10"]
[Round "3.5"]
[White "Jovanovic, Bojan P"]
[Black "Abramovic, Bosko"]
[Result "1/2-1/2"]
[WhiteElo "2261"]
[BlackElo "2462"]
[PlyCount "57"]
[EventDate "2015.??.??"]

1. d4 Nf6 2. c4 e6 3. Nf3 b6 4. g3 Bb7 5. Bg2 Be7 6. Nc3 Ne4 7. Bd2 Bf6 8. O-O
O-O 9. Rc1 d6 10. d5 Nxd2 11. Qxd2 e5 12. h4 Nd7 13. Bh3 a5 14. h5 Nc5 15. Qc2
Bg5 16. Rb1 g6 17. hxg6 hxg6 18. e4 Kg7 19. Kg2 f5 20. exf5 Bc8 21. Nxg5 Qxg5
22. f4 Bxf5 23. Bxf5 Qxf5 24. Qxf5 Rxf5 25. fxe5 Rxe5 26. Nb5 Re7 27. Rfe1 Rae8
28. Rxe7+ Rxe7 29. Kf3 1/2-1/2

[Event "Kvalifikacije za Sampionat 2015"]
[Site "Kragujevac"]
[Date "2015.03.10"]
[Round "3.6"]
[White "Pavlovic, Milos"]
[Black "Rajkovic, Mladen"]
[Result "1-0"]
[WhiteElo "2482"]
[BlackElo "2266"]
[PlyCount "69"]
[EventDate "2015.??.??"]

1. Nf3 c5 2. c4 Nc6 3. Nc3 e5 4. g3 g6 5. Bg2 Bg7 6. O-O Nge7 7. a3 O-O 8. d3
d6 9. Bg5 h6 10. Bxe7 Nxe7 11. b4 e4 12. Nxe4 f5 13. Ned2 Bxa1 14. Qxa1 cxb4
15. axb4 d5 16. Nd4 Kh7 17. Rc1 f4 18. N2b3 fxg3 19. hxg3 dxc4 20. Bxb7 Rb8 21.
Bxc8 Qxc8 22. Rxc4 Qd7 23. Rc7 Qd6 24. Qxa7 Rbe8 25. b5 Kg8 26. Nc6 Rf7 27. Qb6
Kf8 28. Nc5 Nxc6 29. Rxc6 Qe5 30. Ne4 Qa1+ 31. Kg2 Re5 32. Rxg6 Rd5 33. Qb8+
Ke7 34. Qc7+ Ke8 35. Rg8+ 1-0

[Event "Kvalifikacije za Sampionat 2015"]
[Site "Kragujevac"]
[Date "2015.03.10"]
[Round "3.7"]
[White "Ugrenovic, Bozidar"]
[Black "Radovanovic, Nikola"]
[Result "0-1"]
[WhiteElo "2194"]
[BlackElo "2399"]
[PlyCount "86"]
[EventDate "2015.??.??"]

1. Nf3 Nf6 2. c4 g6 3. Nc3 Bg7 4. e4 d6 5. d4 O-O 6. Be2 c6 7. O-O e5 8. dxe5
dxe5 9. Be3 Qe7 10. h3 Nh5 11. Qc1 Na6 12. Rd1 Nc5 13. Qd2 Ne6 14. Ng5 Nef4 15.
Nf3 Nxe2+ 16. Nxe2 f5 17. Qd6 Qxd6 18. Rxd6 Re8 19. exf5 gxf5 20. Bh6 e4 21.
Ng5 Bxb2 22. Rad1 Bf6 23. Nf4 Bxg5 24. Bxg5 Nxf4 25. Bxf4 Be6 26. c5 Kf7 27. a3
Rac8 28. Rb1 Re7 29. a4 Rcc7 30. Bg5 Red7 31. Bf4 Rxd6 32. Bxd6 Rd7 33. a5 Bc4
34. Bb8 Bb5 35. Bxa7 Rd2 36. Re1 Be2 37. Rb1 Bb5 38. Re1 Bd3 39. Bb6 Ke6 40. f3
Kd5 41. fxe4+ Bxe4 42. g4 f4 43. Bc7 f3 0-1

[Event "Kvalifikacije za Sampionat 2015"]
[Site "Kragujevac"]
[Date "2015.03.10"]
[Round "3.8"]
[White "Rancic, Zoran"]
[Black "Novoselski, Zoran"]
[Result "0-1"]
[WhiteElo "2224"]
[BlackElo "2365"]
[PlyCount "54"]
[EventDate "2015.03.09"]

1. Nf3 e6 2. b3 f5 3. Bb2 Nf6 4. d4 d6 5. Nbd2 Be7 6. e3 O-O 7. Bd3 d5 8. Ne5
Nbd7 9. Ndf3 Ne4 10. O-O Bd6 11. c4 c6 12. Qc2 Qe7 13. Nxd7 Bxd7 14. Ne5 Be8
15. f3 Nf6 16. e4 dxe4 17. fxe4 Bxe5 18. dxe5 Ng4 19. Rae1 f4 20. Qc3 Qh4 21.
h3 f3 22. hxg4 f2+ 23. Rxf2 Rxf2 24. Re3 Rf4 25. Be2 Qf2+ 26. Kh2 Bg6 27. Bf3
h5 0-1

[Event "Kvalifikacije za Sampionat 2015"]
[Site "Kragujevac"]
[Date "2015.03.10"]
[Round "3.9"]
[White "Tadic, Branko"]
[Black "Jovanovic, Sasa T"]
[Result "1-0"]
[WhiteElo "2496"]
[BlackElo "2222"]
[PlyCount "61"]
[EventDate "2015.03.09"]

1. Nf3 g6 2. c4 Bg7 3. Nc3 d6 4. d4 Nd7 5. g3 e5 6. Bg2 Ne7 7. O-O O-O 8. dxe5
Nxe5 9. Nxe5 dxe5 10. Bg5 f6 11. Be3 Qxd1 12. Rfxd1 c6 13. Bc5 Re8 14. Ne4 Nf5
15. g4 Nh4 16. Nd6 Bxg4 17. Nxe8 Rxe8 18. f3 Be6 19. Bf1 b6 20. Bf2 Nf5 21. c5
Bf8 22. cxb6 axb6 23. Bxb6 Rb8 24. Bf2 Rxb2 25. a4 Nd4 26. a5 Bc5 27. a6 Bd5
28. Rxd4 exd4 29. a7 Bxa7 30. Rxa7 c5 31. Rc7 1-0

[Event "Kvalifikacije za Sampionat 2015"]
[Site "Kragujevac"]
[Date "2015.03.10"]
[Round "3.10"]
[White "Stojanovic, Zlatko"]
[Black "Ristic, Nenad"]
[Result "0-1"]
[WhiteElo "2218"]
[BlackElo "2437"]
[PlyCount "96"]
[EventDate "2015.03.09"]

1. e4 c5 2. Nf3 Nc6 3. d4 cxd4 4. Nxd4 e5 5. Nxc6 bxc6 6. Bc4 Nf6 7. O-O Nxe4
8. Re1 Nf6 9. Rxe5+ Be7 10. Re1 O-O 11. Bf4 d5 12. Bd3 Bg4 13. Be2 Be6 14. Nd2
Qb6 15. b3 Bc5 16. Rf1 Rfe8 17. c3 a5 18. Bg5 Ne4 19. Nxe4 dxe4 20. Qc1 h6 21.
Be3 Red8 22. Bxc5 Qxc5 23. Rd1 f5 24. Qe3 Qe5 25. f4 Qc7 26. Rxd8+ Rxd8 27. Rd1
Rxd1+ 28. Bxd1 Qd6 29. Be2 Qa3 30. Qd2 Bd5 31. Kf2 a4 32. c4 Bf7 33. Qa5 Qxa2
34. Qxa4 Qd2 35. Qxc6 Qxf4+ 36. Ke1 Kh7 37. Qc5 Bg6 38. g3 Qc1+ 39. Bd1 Qc3+
40. Kf1 Qd2 41. Be2 Qc1+ 42. Kg2 Qb2 43. Qe3 Bh5 44. Kf2 Bxe2 45. Qxe2 Qxb3 46.
g4 Qb6+ 47. Kg2 Qg6 48. c5 f4 0-1

[Event "Kvalifikacije za Sampionat 2015"]
[Site "Kragujevac"]
[Date "2015.03.10"]
[Round "3.11"]
[White "Tosic, Miroslav"]
[Black "Djokic, Nebojsa"]
[Result "1/2-1/2"]
[WhiteElo "2413"]
[BlackElo "2186"]
[PlyCount "80"]
[EventDate "2015.03.09"]

1. d4 Nf6 2. c4 g6 3. g3 Bg7 4. Bg2 O-O 5. Nc3 d6 6. Nf3 Nc6 7. O-O a6 8. b3 e5
9. d5 Nd4 10. Bb2 Nxf3+ 11. exf3 Nh5 12. Re1 b6 13. b4 a5 14. a3 Bd7 15. Qc2 f5
16. c5 Qe7 17. c6 axb4 18. axb4 Rxa1 19. Rxa1 Be8 20. Ra7 Bf7 21. Qd2 Nf6 22.
Bf1 h5 23. Bc4 Kh7 24. Nb5 Bh6 25. f4 Rc8 26. Qe2 Bxd5 27. Bxd5 Nxd5 28. fxe5
dxe5 29. Qxe5 Qxe5 30. Bxe5 Kg8 31. Bxc7 Nxb4 32. Rb7 Nxc6 33. Rxb6 Ne7 34. Re6
Bf8 35. Ra6 Kh7 36. Ra7 Nd5 37. Be5+ Kg8 38. Rd7 Rc1+ 39. Kg2 Rc5 40. Bd6 Bxd6
1/2-1/2

[Event "Kvalifikacije za Sampionat 2015"]
[Site "Kragujevac"]
[Date "2015.03.10"]
[Round "3.12"]
[White "Pavlovic, Goran"]
[Black "Pecinar, Zoran"]
[Result "1/2-1/2"]
[WhiteElo "2368"]
[BlackElo "2169"]
[PlyCount "90"]
[EventDate "2015.03.09"]

1. d4 Nf6 2. c4 g6 3. Nc3 Bg7 4. e4 d6 5. Nf3 O-O 6. Be2 e5 7. d5 c5 8. Bg5 h6
9. Bh4 Na6 10. Nd2 Qd7 11. h3 Nc7 12. Nf1 Rb8 13. g4 a6 14. a4 Nh7 15. Ne3 b6
16. Qd2 Qe8 17. a5 b5 18. b3 Ng5 19. Bxg5 hxg5 20. Nc2 b4 21. Nd1 Qe7 22. Rg1
Bf6 23. Nb2 Kg7 24. Nd3 Na8 25. h4 Rh8 26. h5 Bd7 27. Ne3 Rbc8 28. Kd1 Kf8 29.
Kc2 Ke8 30. Rh1 Kd8 31. hxg6 fxg6 32. Rxh8+ Bxh8 33. Rh1 Kc7 34. Nxb4 cxb4 35.
Qxb4 Rb8 36. Qc3 Bg7 37. b4 Kd8 38. Kd2 Rc8 39. Nc2 Ke8 40. Qe3 Ba4 41. Na3 Qc7
42. Rc1 Rb8 43. Rb1 Bf6 44. Qc3 Bd8 45. f3 Kf8 1/2-1/2

[Event "Kvalifikacije za Sampionat 2015"]
[Site "Kragujevac"]
[Date "2015.03.10"]
[Round "3.13"]
[White "Ratkovic, Milovan"]
[Black "Zivanovic, Nenad"]
[Result "1-0"]
[WhiteElo "2364"]
[BlackElo "2136"]
[PlyCount "82"]
[EventDate "2015.03.09"]

1. d4 Nf6 2. c4 e6 3. Nc3 Bb4 4. e3 O-O 5. Nge2 d5 6. a3 Bxc3+ 7. Nxc3 b6 8.
cxd5 exd5 9. Be2 Bb7 10. O-O Nbd7 11. b3 Re8 12. Bb2 a6 13. Rc1 Rc8 14. Bd3 Ne4
15. Qe2 b5 16. a4 c6 17. f3 Nxc3 18. Bxc3 Qh4 19. Bf5 Qe7 20. Rfe1 g6 21. Bd3
f5 22. Qd2 Nf6 23. Bb4 Qd7 24. Qf2 Re6 25. Qh4 Rce8 26. Rc2 Qg7 27. Rce2 Qd7
28. h3 Bc8 29. g4 fxg4 30. hxg4 Qg7 31. Qg3 Rd8 32. Bc3 Ne8 33. e4 dxe4 34.
Rxe4 Qf7 35. Rxe6 Bxe6 36. Be4 Qd7 37. axb5 axb5 38. Ra1 Rc8 39. b4 Bf7 40. Qf4
Qe6 41. Ra6 Qd7 1-0

[Event "Kvalifikacije za Sampionat 2015"]
[Site "Kragujevac"]
[Date "2015.03.10"]
[Round "3.14"]
[White "Petrovic, Dragan R"]
[Black "Zivkovic, Nemanja"]
[Result "1-0"]
[WhiteElo "2180"]
[BlackElo "2310"]
[PlyCount "89"]
[EventDate "2015.03.09"]

1. e4 c5 2. Nf3 d6 3. d4 cxd4 4. Nxd4 Nf6 5. Nc3 a6 6. a4 e5 7. Nf3 h6 8. Bc4
Be7 9. O-O Be6 10. Qe2 Qc7 11. Nd5 Nxd5 12. Bxd5 Bxd5 13. exd5 O-O 14. c4 Nd7
15. b3 a5 16. Bb2 Rae8 17. Qc2 Qb6 18. Bc3 Qc7 19. Nd2 f5 20. Nb1 e4 21. Na3
Bf6 22. Nb5 Qb6 23. Rad1 Nc5 24. Bd4 Bxd4 25. Nxd4 f4 26. h3 Re5 27. Kh2 Qd8
28. f3 e3 29. Ne2 Qh4 30. Rd4 Rf6 31. Rxf4 Rxf4 32. g3 Rd4 33. gxh4 Rd2 34. Qg6
Rxe2+ 35. Kh1 b6 36. Rg1 Re7 37. Qxd6 Rf7 38. Qd8+ Rf8 39. Qe7 Rf7 40. Qe8+ Rf8
41. Qe5 Rf7 42. Rg2 Re1+ 43. Kh2 Nd3 44. Qe8+ Rf8 45. Qg6 1-0

[Event "Kvalifikacije za Sampionat 2015"]
[Site "Kragujevac"]
[Date "2015.03.10"]
[Round "3.15"]
[White "Radosavljevic, Slobodan D"]
[Black "Cvetkovic, Srdjan"]
[Result "1/2-1/2"]
[WhiteElo "2156"]
[BlackElo "2296"]
[PlyCount "42"]
[EventDate "2015.03.09"]

1. e4 d6 2. d4 Nf6 3. Nc3 g6 4. Nf3 Bg7 5. Bc4 O-O 6. Qe2 c6 7. Bb3 d5 8. O-O
Bg4 9. Rd1 dxe4 10. Nxe4 Nbd7 11. h3 Bxf3 12. Qxf3 Nxe4 13. Qxe4 Nc5 14. Qf3
Nxb3 15. Qxb3 Qb6 16. Be3 Rfd8 17. f3 e6 18. Qxb6 axb6 19. Kf1 b5 20. a3 Rd5
21. Ke2 h6 {...} 1/2-1/2

[Event "Kvalifikacije za Sampionat 2015"]
[Site "Kragujevac"]
[Date "2015.03.10"]
[Round "3.16"]
[White "Ilic, Zoran S"]
[Black "Colovic, Zoran"]
[Result "1/2-1/2"]
[WhiteElo "2295"]
[BlackElo "2066"]
[PlyCount "97"]
[EventDate "2015.03.09"]

1. d4 c5 2. d5 Nf6 3. c4 g6 4. Nc3 Bg7 5. Nf3 d6 6. g3 O-O 7. Bg2 a6 8. a4 Nbd7
9. O-O b6 10. h3 Bb7 11. Qd3 Qc7 12. Re1 Ne8 13. Bf4 Ne5 14. Nxe5 dxe5 15. Bd2
Nd6 16. e4 Bc8 17. b3 Bd7 18. Rac1 a5 19. Kh2 Rad8 20. Rf1 f6 21. Rce1 Qc8 22.
Qc2 Nf7 23. Nd1 f5 24. exf5 Bxf5 25. Qc1 Bd3 26. Rg1 e4 27. Bf4 e5 28. Be3 Nd6
29. Nb2 h5 30. Qd2 Qf5 31. Rd1 Rde8 32. Rge1 g5 33. Kg1 g4 34. h4 Rf7 35. Nxd3
exd3 36. Qxd3 e4 37. Qc2 Be5 38. Re2 Qg6 39. Bc1 Rf3 40. Bb2 Qf5 41. Bxe5 Rxe5
42. Rde1 Qf6 43. Bxf3 gxf3 44. Re3 Qf5 45. Kh2 Re7 46. Qb1 Qg4 47. Qc2 Qf5 48.
Qd1 Rg7 49. Rg1 1/2-1/2

[Event "Kvalifikacije za Sampionat 2015"]
[Site "Kragujevac"]
[Date "2015.03.10"]
[Round "3.17"]
[White "Milosevic, Rade"]
[Black "Irizanin, Radoje"]
[Result "0-1"]
[WhiteElo "2095"]
[BlackElo "2295"]
[PlyCount "58"]
[EventDate "2015.03.09"]

1. Nf3 d5 2. d4 c6 3. e3 Bg4 4. h3 Bh5 5. c4 e6 6. Nc3 Nd7 7. b3 Bb4 8. Bd2
Ngf6 9. a3 Bd6 10. Be2 O-O 11. O-O Qe7 12. a4 Ne4 13. Nxe4 dxe4 14. Nh2 Bg6 15.
Bh5 e5 16. Bxg6 hxg6 17. Bc3 Rad8 18. Qg4 exd4 19. exd4 Kh7 20. Bd2 f5 21. Qg5
Nf6 22. g3 Qc7 23. Rfe1 Nh5 24. Nf1 c5 25. d5 Be5 26. Rab1 Bf6 27. Qe3 Bd4 28.
Qg5 e3 29. Bxe3 Bf6 0-1

[Event "Kvalifikacije za Sampionat 2015"]
[Site "Kragujevac"]
[Date "2015.03.10"]
[Round "3.18"]
[White "Stojanovic, Andjelija"]
[Black "Djuricic, Dejan"]
[Result "1-0"]
[WhiteElo "2284"]
[BlackElo "2019"]
[PlyCount "41"]
[EventDate "2015.03.09"]

1. e4 d6 2. d4 Nf6 3. Nc3 g6 4. Nf3 Bg7 5. h3 O-O 6. Be3 c6 7. a4 Nbd7 8. a5
Qc7 9. Qb1 e5 10. dxe5 Nxe5 11. Nxe5 dxe5 12. Bc4 Re8 13. Qa2 Be6 14. Bxe6 Rxe6
15. Qc4 Re7 16. O-O Nh5 17. g3 Rd7 18. Rfd1 Rxd1+ 19. Rxd1 Rd8 20. Nd5 Qd6 21.
Bg5 1-0

[Event "Kvalifikacije za Sampionat 2015"]
[Site "Kragujevac"]
[Date "2015.03.10"]
[Round "3.19"]
[White "Knezevic, Veljko"]
[Black "Stankovic, Ivan G"]
[Result "1-0"]
[WhiteElo "2015"]
[BlackElo "2243"]
[PlyCount "67"]
[EventDate "2015.03.09"]

1. d4 d5 2. Nf3 Nf6 3. c4 c6 4. Nc3 a6 5. c5 g6 6. h3 Bg7 7. Bf4 O-O 8. e3 Re8
9. Be2 Nfd7 10. O-O e5 11. Bg3 exd4 12. exd4 Nf6 13. Bd6 b5 14. Ne5 Nfd7 15. f4
Bf8 16. Bxf8 Nxf8 17. Bd3 f6 18. Nf3 Ra7 19. f5 Rg7 20. Ne2 Qe7 21. Kh1 Qe3 22.
Ng3 Qf4 23. Ne2 Qh6 24. Nh2 gxf5 25. Bxf5 Qg5 26. Ng4 Kh8 27. Bxc8 Rxc8 28.
Rxf6 h5 29. Qf1 Nh7 30. Rf5 Qe7 31. Ne5 Nd7 32. Nf4 Rcg8 33. Nxh5 Rxg2 34. Nf7+
1-0

[Event "Kvalifikacije za Sampionat 2015"]
[Site "Kragujevac"]
[Date "2015.03.10"]
[Round "3.20"]
[White "Sorgic, Dragan"]
[Black "Pavlasevic, Dragisa"]
[Result "1-0"]
[WhiteElo "2220"]
[BlackElo "1751"]
[PlyCount "51"]
[EventDate "2015.03.09"]

1. e4 e6 2. d4 d5 3. Nc3 Nf6 4. Bg5 Be7 5. e5 Nfd7 6. h4 f6 7. exf6 Nxf6 8. Nf3
c5 9. Bb5+ Bd7 10. Bxd7+ Nbxd7 11. Qe2 Qb6 12. O-O-O O-O 13. Rhe1 cxd4 14. Nxd4
e5 15. Bxf6 Qxf6 16. Nxd5 Qh6+ 17. Kb1 Bc5 18. Nf3 e4 19. Qxe4 Rae8 20. Qc4
Rxe1 21. Rxe1 Bxf2 22. Nf6+ Kh8 23. Nxd7 Bxe1 24. Nxf8 Qd6 25. Ng6+ hxg6 26.
Qc8+ 1-0

[Event "Kvalifikacije za Sampionat 2015"]
[Site "Kragujevac"]
[Date "2015.03.10"]
[Round "3.21"]
[White "Jokic, Miodrag"]
[Black "Ilic, Slobodan S"]
[Result "1-0"]
[WhiteElo "2100"]
[BlackElo "1956"]
[PlyCount "147"]
[EventDate "2015.03.09"]

1. d4 g6 2. c4 Bg7 3. Nc3 d6 4. e4 c6 5. h3 a6 6. a4 a5 7. Be3 Qc7 8. Rc1 Nf6
9. Nf3 O-O 10. Qd2 Rd8 11. Bh6 Bh8 12. Bd3 e5 13. d5 Na6 14. g4 Bd7 15. Nh4 Nc5
16. Bc2 Re8 17. Nf5 cxd5 18. cxd5 Qb6 19. Rb1 Ra6 20. b3 Qb4 21. Ng3 Rc8 22.
Be3 Bg7 23. f3 Raa8 24. Nge2 Rc7 25. Na2 Qa3 26. Nec3 Rac8 27. Bd1 Ne8 28. O-O
Na6 29. Rb2 Rxc3 30. Nxc3 Bf6 31. Be2 Nc5 32. Nb1 Qb4 33. Qxb4 axb4 34. Bd2 Na6
35. Rc1 Rb8 36. Be3 Bd8 37. Kg2 Kg7 38. Nd2 h6 39. Rbc2 Be7 40. Bb6 Bg5 41. Rd1
Kf8 42. Kf2 Bh4+ 43. Kf1 Bg5 44. Bf2 h5 45. Kg2 hxg4 46. fxg4 Ke7 47. Nf3 Bf4
48. Bd3 Nec7 49. Bb6 Ne8 50. Re1 Ng7 51. Bxa6 bxa6 52. Be3 Bxe3 53. Rxe3 Ne8
54. Re1 a5 55. Nd2 f5 56. Nc4 Rc8 57. Rec1 Rc5 58. Ne3 Rxc2+ 59. Rxc2 fxe4 60.
Rc4 Nf6 61. Rc7 Kd8 62. Ra7 g5 63. Kg3 Ne8 64. h4 gxh4+ 65. Kxh4 Nc7 66. Rxa5
Be8 67. Nc4 Bf7 68. Nxd6 Nxd5 69. Nxe4 Nc3 70. Nc5 e4 71. Kg3 e3 72. Kf3 e2 73.
Kf2 Kc7 74. Nd3 1-0

[Event "Kvalifikacije za Sampionat 2015"]
[Site "Kragujevac"]
[Date "2015.03.10"]
[Round "3.22"]
[White "Simic, Petar S"]
[Black "Jevtic, Miroljub"]
[Result "0-1"]
[WhiteElo "1904"]
[BlackElo "1998"]
[PlyCount "31"]
[EventDate "2015.03.09"]

1. Nf3 Nf6 2. c4 c6 3. g3 d5 4. Bg2 dxc4 5. Qc2 Be6 6. Ng5 Qd7 7. Na3 Na6 8.
Nxe6 Qxe6 9. Nxc4 Nd5 10. a3 g6 11. d3 Bg7 12. O-O O-O 13. e4 Nb6 14. Ne3 Rfd8
15. Rd1 Rd7 16. Bd2 {...} 0-1

[Event "Kvalifikacije za Sampionat 2015"]
[Site "Kragujevac"]
[Date "2015.03.10"]
[Round "3.23"]
[White "Bozilov, Dragan"]
[Black "Gajic, Aleksa"]
[Result "1-0"]
[WhiteElo "1979"]
[BlackElo "1795"]
[PlyCount "61"]
[EventDate "2015.03.09"]

1. d4 Nf6 2. c4 g6 3. Nc3 d5 4. Bg5 Ne4 5. Bh4 Nxc3 6. bxc3 Bg7 7. e3 c5 8. Nf3
Nc6 9. Be2 cxd4 10. cxd4 O-O 11. O-O Bf5 12. Rc1 dxc4 13. Bxc4 Na5 14. Bd3 Bxd3
15. Qxd3 Qd7 16. Qa3 Nc6 17. Rfd1 e6 18. Ne5 Nxe5 19. dxe5 Qb5 20. Rc5 Qe2 21.
Rdc1 b6 22. R5c2 Qg4 23. Be7 Rfe8 24. Bd6 Qf5 25. f4 Qe4 26. Rc4 Qd5 27. Rc7
Qd2 28. Bb4 Bf8 29. Bd6 Red8 30. R7c6 Re8 31. h3 1-0

[Event "Kvalifikacije za Sampionat 2015"]
[Site "Kragujevac"]
[Date "2015.03.10"]
[Round "3.24"]
[White "Dodic, Dragan"]
[Black "Gagic, Miroljub"]
[Result "1-0"]
[WhiteElo "2060"]
[BlackElo "1803"]
[PlyCount "95"]
[EventDate "2015.03.09"]

1. d4 Nf6 2. c4 e6 3. Nc3 Bb4 4. e3 Nc6 5. Bd3 O-O 6. Nge2 Re8 7. a3 Bf8 8. O-O
d6 9. b4 e5 10. Bb2 Bg4 11. f3 Bh5 12. d5 Ne7 13. Ng3 Bg6 14. e4 c6 15. Qe2
cxd5 16. Nxd5 Nexd5 17. cxd5 Nd7 18. Bc1 Be7 19. Be3 Bg5 20. Rfc1 Rc8 21. Rxc8
Bxe3+ 22. Qxe3 Qxc8 23. Rc1 Qb8 24. Bb5 Rd8 25. Bxd7 Rxd7 26. Qc3 Kf8 27. Kf2
Ke7 28. h4 h6 29. h5 Bh7 30. Nf1 Kd8 31. Ne3 Rc7 32. Qb2 Qc8 33. Rxc7 Qxc7 34.
g4 g6 35. Qd2 gxh5 36. gxh5 Qe7 37. Ng2 Qf6 38. Qe3 Kc7 39. a4 Kb8 40. a5 Qg7
41. b5 f5 42. exf5 Bxf5 43. b6 a6 44. Qc3 Qd7 45. Ne3 Qc8 46. Qc7+ Qxc7 47.
bxc7+ Kxc7 48. Nxf5 1-0

[Event "Kvalifikacije za Sampionat 2015"]
[Site "Kragujevac"]
[Date "2015.03.10"]
[Round "3.25"]
[White "Trpkovic, Miroljub"]
[Black "Filipovic, Tomislav S"]
[Result "1-0"]
[WhiteElo "1940"]
[BlackElo "1801"]
[PlyCount "43"]
[EventDate "2015.03.09"]

1. e4 e6 2. d4 d5 3. exd5 exd5 4. Nf3 Bd6 5. c4 dxc4 6. Bxc4 Nf6 7. O-O O-O 8.
Bg5 h6 9. Bh4 Nbd7 10. Nbd2 c6 11. Bb3 b5 12. Rc1 Bb7 13. Ne4 Be7 14. Nxf6+
Bxf6 15. Bg3 Nb6 16. Qd3 Nd5 17. Bc2 g6 18. Bb1 Rc8 19. Rfd1 Bg7 20. a3 Re8 21.
Nd2 f5 22. Nf3 {...} 1-0

[Event "Kvalifikacije za Sampionat 2015"]
[Site "Kragujevac"]
[Date "2015.03.10"]
[Round "3.26"]
[White "Stojanovic, Vladimir M"]
[Black "Zivkovic, Vladisa"]
[Result "0-1"]
[WhiteElo "1911"]
[BlackElo "1787"]
[PlyCount "62"]
[EventDate "2015.03.09"]

1. d4 Nf6 2. Nf3 g6 3. c4 Bg7 4. Nc3 e6 5. e4 O-O 6. Bg5 h6 7. Bh4 Qe8 8. e5
Nh7 9. Ne4 g5 10. Bg3 Nc6 11. h3 f5 12. exf6 Nxf6 13. Bd3 d6 14. Qe2 Nh5 15.
O-O-O Nf4 16. Bxf4 Rxf4 17. g3 Rf8 18. Nfxg5 hxg5 19. Nxg5 Rf6 20. Qe4 Rh6 21.
Bc2 Qf8 22. f4 Qf6 23. Nf3 d5 24. Qe2 Bd7 25. Ne5 Nxe5 26. dxe5 Qf8 27. cxd5
exd5 28. Rxd5 Bc6 29. Bb3 Kh8 30. Rdd1 Bxh1 31. Rxh1 Rd8 0-1

[Event "Kvalifikacije za Sampionat 2015"]
[Site "Kragujevac"]
[Date "2015.03.10"]
[Round "3.27"]
[White "Kokic, Miljko"]
[Black "Crnkovic, Predrag"]
[Result "0-1"]
[WhiteElo "1536"]
[BlackElo "1881"]
[PlyCount "100"]
[EventDate "2015.03.09"]

1. e4 Nf6 2. e5 Nd5 3. d4 d6 4. c4 Nb6 5. Nf3 Nc6 6. Be2 g6 7. O-O Bg7 8. exd6
cxd6 9. Nc3 Bg4 10. Be3 Bxf3 11. gxf3 O-O 12. Qd2 a6 13. Kh1 Rb8 14. Rg1 f5 15.
Rg2 f4 16. Bxf4 Nxd4 17. Be3 Nxf3 18. Bxf3 Rxf3 19. b3 Kh8 20. Rag1 Nd7 21. Nd5
Rf7 22. Rg3 Nc5 23. Qc2 Qd7 24. h4 Qf5 25. Qxf5 gxf5 26. Bxc5 dxc5 27. Rd3 Bd4
28. Rg2 e5 29. f3 Rg8 30. Rdd2 Rfg7 31. Rxg7 Rxg7 32. Rg2 Rxg2 33. Kxg2 Kg7 34.
Kg3 h5 35. a4 Kf7 36. Kg2 Bb2 37. Kg3 Bc1 38. Nc3 Bd2 39. Nd5 Be1+ 40. Kh3 Ke6
41. Ne3 e4 42. fxe4 fxe4 43. Ng2 Bd2 44. Kg3 Ke5 45. Kf2 Kd4 46. Ke2 Bh6 47. a5
Kc3 48. Ne3 Bxe3 49. Kxe3 Kxb3 50. Kxe4 Kxc4 0-1